000 00499 a2200181 4500
005 20260430145046.0
008 260430b |||||||| |||| 00| 0 eng d
020 _a9789390729227
_cRs. 2195.00
040 _aMAIN
082 _a954.02
_bK527R
100 _aKhan, Yaqub Ali, ed.
245 _aRegional history of medieval India: Society, culture and economy
260 _bManohar Publishers
_c2023
_aNew Delhi
300 _a416
650 _aHistory
650 _aMedieval India
942 _cBK
999 _c394975
_d394975